00891nam a2200241 a 450000100060000000300080000600500170001400800410003103500190007204000340009104100080012508200260013310000400015924500840019925000120028326000560029530000340035150400510038560000400043694200120047699900170048895201440050524188BD-RjUL20211209001023.0140312r19521945enka b 001 0aeng d a(BD-RjUL)24254 aSUSAbengcSUSAdSUAdBD-RjUL aeng04a823.912bSIL V-1 19521 aSitwell, Osbert,d1892-1969.97451210aLeft hand right hand ! :ban autobiography /cOsbert Sitwell.nThe First Volume a1st ed. aLondon :bReprint Society,c1946 [reprinted 1952].  axvi, 271 p. :bill. ;c23 cm. aIncludes bibliographical references and index.10aSitwell, Osbert,d1892-1969.974517 2ddccBK c24188d24188 00102ddc40708NFICaRUCLbRUCLcStackd1965-03-01eZeitlinger.g21.00l0o823.912 SIL V-1 1952r2014-03-12 00:00:00tC-2w2014-03-12yBK